MONEY AND CALCULATION ECONOMIC AND SOCIO (Record no. 31194)
[ view plain ]
| 000 -LEADER | |
|---|---|
| fixed length control field | 00354nam a2200133Ia 4500 |
| 008 - FIXED-LENGTH DATA ELEMENTS--GENERAL INFORMATION | |
| fixed length control field | 240624s9999 xx 000 0 und d |
| 041 ## - LANGUAGE CODE | |
| Language code of text/sound track or separate title | eng |
| 082 ## - DEWEY DECIMAL CLASSIFICATION NUMBER | |
| Classification number | 332.4 AMA |
| 100 ## - MAIN ENTRY--PERSONAL NAME | |
| Personal name | AMATO MASSIMO |
| 245 ## - TITLE STATEMENT | |
| Title | MONEY AND CALCULATION ECONOMIC AND SOCIO |
| 260 ## - PUBLICATION, DISTRIBUTION, ETC. | |
| Date of publication, distribution, etc. | 2010 |
| Place of publication, distribution, etc. | New York |
| Name of publisher, distributor, etc. | Palgrave Macmillan |
| 300 ## - PHYSICAL DESCRIPTION | |
| Extent | viii, 222 p.; 23 cm. |
| 365 ## - TRADE PRICE | |
| Currency code | ERU |
| Price amount | 38 |
| Withdrawn status | Lost status | Damaged status | Not for loan | Home library | Current library | Shelving location | Date acquired | Total Checkouts | Full call number | Barcode | Date due | Date last seen | Date last checked out | Copy number | Price effective from | Koha item type |
|---|---|---|---|---|---|---|---|---|---|---|---|---|---|---|---|---|
| IMTN | IMTN | Rack 7-B | 09/06/2018 | 1 | 332.4 AMA | 31194 | 01/22/2026 | 01/12/2026 | 01/12/2026 | 82.7 | 06/24/2024 | Books |